| 000 | 00633nam a22001817a 4500 | ||
|---|---|---|---|
| 005 | 20231130143400.0 | ||
| 010 | _a ENG-135871 | ||
| 020 |
_c1250.00 _a9789394290181 |
||
| 035 | _aEN-119403 | ||
| 037 | _bDBAD/PUB | ||
| 082 | _a338.4791 | ||
| 100 |
_aDr. R.J. Singh _959249 |
||
| 245 |
_aTourism Concept and Principles/ _cby Dr. R.J. Singh |
||
| 260 |
_a Shahdara _bBule Ink International Publishers & Distributors _c2022 |
||
| 270 |
_a1/11137, Top Floor, Lane No. 10 Near Kirti Mandir, Subhash Park, _bDelhi _e110032 _mbuleinkipd2021@gmail.com |
||
| 300 |
_a208p. _b21cm(HB) |
||
| 942 |
_2ddc _cEN _h338.4791 _mRJS |
||
| 999 |
_c149877 _d149877 |
||